00459nam a22001217a 4500008004100000040005500041080002800096245011400124260005400238300001100292650001500303653001900318230602b |||||||| |||| 00| 0 eng d aNational Science LibrarycNational Science Library aR 661:63(058.7)(4) bK6 aEntoma Europe: bManufacturers and formulators ... and horticultural sector c/ Economic Documentation Office aHolland: bEconomic Documentation Office, c1966  a424p.  aChemicals  aGeneric names